000 00753nam a2200265 i 4500
001 C2-0344968
003 PPAK
005 20180728145652.0
008 180117s2016 xxka|||| ||||| | eng d
020 _a9781782212669
040 _aPPAK
_beng
_cPPAK
_erda
082 0 4 _a745.582
_223
090 0 0 _a745.582
_bTHO
_dG
100 1 _aThornton, Liz,
_eauthor
245 1 0 _aBeading for the absolute beginner
264 1 _aTunbridge Wells, Kent :
_bSearch Press ,
_c2016
300 _a191 pages :
_bcolour photographs ;
_c22 cm
336 _2rdacontent
_atext
337 _2rdamedia
_aunmediated
338 _2rdacarrier
_avolume
500 _aFirst published : 2006. ; Includes index.
650 1 0 _aBeadwork.
700 _eauthor
942 _ddc
_cB
999 _c141523
_d141523